| 000 | 00367 a2200145 4500 | ||
|---|---|---|---|
| 020 | _a9694962439 | ||
| 040 |
_aDLC _bDLC |
||
| 082 | _a891.4393 | ||
| 100 | _aJaved Chaudhary | ||
| 245 |
_aZero Point 2 _cJaved Chaudhary |
||
| 260 |
_aIslamabad : _bDost Publications, _c2006. |
||
| 300 |
_a352 p. ; _c23 cm. |
||
| 650 | _aUrdu--Literature | ||
| 942 |
_cBK _k891.4393 JAV _2ddc |
||
| 999 |
_c6159 _d6159 |
||